000 00513nam a2200181Ii 4500
003 JO-AjNU
008 230606s9999||||xx |||||||||||||| ||und||
040 _aJO-AjNU
_beng
_erda
_cJO-AjNU
041 _aeng
050 1 4 _aHD169805 1994
100 3 _a editor Peter R,
_eauthor
_93703
245 0 0 _aWater: the Arab World. Part. 2
300 _aPart.2. 165p
336 _atext
_btxt
_2rdacontent
337 _aunmediated
_bn
_2rdamedia
338 _avolume
_bnc
_2rdacarrier
650 4 _aWaterin the Arab World
_93704
999 _aE1931
_c1931
_d1931